[Event "2B"]
[Site "http://www.queenalice.com/game.php?id=1840711"]
[Date "2024.7.23"]
[Round "-"]
[White "shady66"]
[Black "Kn1ght1962"]
[Result "0-1"]
[WhiteElo "1614"]
[BlackElo "1723"]

1. e4 e5 2. d4 exd4 3. Qxd4 a6 4. Nf3 h6 5. h3 Nc6 6. Qe3 Nf6 7. Nc3 Bb4 8. Bd2
O-O 9. a3 Ba5 10. Bc4 Bb6 11. Qf4 Re8 12. Bd3 d5 13. e5 Qd6 14. O-O Nxe5 15.
Rae1 Nxf3+ 16. Qxf3 Bd7 17. Rxe8+ Rxe8 18. Bf4 Qc5 19. b4 Qc6 20. Qg3 Qxc3 21.
Bxc7 Bd4 22. Bd6 b5 23. Qf4 Qxa3 24. Qd2 a5 25. Re1 Be6 26. Kh2 axb4 27. Bxb4
Qa7 28. Re2 Qc7+ 29. g3 Nd7 30. Bxb5 Rd8 31. Qxd4 Nf6 32. Bd3 Qd7 33. Qf4 Bxh3
34. Re1 Be6 35. Be2 d4 36. Rd1 Nd5 37. Qxd4 Qa4 38. c3 Qc2 39. Bf3 Rd7 40. Qc5
Ne3 41. Qxe3 Rxd1 42. Bxd1 Qxd1 43. Kg2 Bd5+ 44. f3 Be6 45. g4 Qd5 46. Kg3 Qd8
47. f4 Qb8 48. Qe4 Qb6 49. Qa8+ Kh7 50. Qe4+ g6 51. f5 Qg1+ 52. Kf3 gxf5 53. Qc2
Qxg4+ 54. Ke3 Qg3+ 55. Kd4 h5 56. c4 h4 57. Qc1 h3 58. c5 h2 0-1

[Event "Challenge"]
[Site "http://www.queenalice.com/game.php?id=1852126"]
[Date "2025.2.14"]
[Round "-"]
[White "Leanne"]
[Black "shady66"]
[Result "0-1"]
[WhiteElo "1278"]
[BlackElo "1602"]

1. d4 d5 2. c4 e6 3. Nc3 a6 4. e3 Bb4 5. Bd2 Nf6 6. cxd5 exd5 7. Nf3 Nc6 8. Be2
Bf5 9. O-O b5 10. a3 Bd6 11. Ne5 Nxe5 12. dxe5 Bxe5 13. a4 c6 14. axb5 cxb5 15.
Bf3 O-O 16. Nxd5 Nxd5 17. Bxd5 Qxd5 18. g3 Bxb2 19. Bb4 Qxd1 20. Raxd1 Rfd8 21.
Rd2 Rxd2 22. Bxd2 h6 23. Re1 Be4 24. Bc1 Bc3 25. Rd1 Kh7 26. f4 a5 27. Bd2 b4
28. Bxc3 bxc3 0-1

[Event "Challenge"]
[Site "http://www.queenalice.com/game.php?id=1852127"]
[Date "2025.2.14"]
[Round "-"]
[White "shady66"]
[Black "Leanne"]
[Result "1-0"]
[WhiteElo "1605"]
[BlackElo "1275"]

1. e4 e5 2. Nf3 Nc6 3. a3 Nf6 4. d3 d5 5. Nc3 Bg4 6. h3 Bxf3 7. Qxf3 g6 8. Bg5
Bg7 9. exd5 Nd4 10. Qd1 O-O 11. Qd2 Qd7 12. Bxf6 Bxf6 13. g3 Nf3+ 14. Kd1 Nxd2
15. Kxd2 c6 16. Ne4 Be7 17. c4 cxd5 18. cxd5 Qxd5 19. Be2 f5 20. Nc3 Qd7 21. f3
Bg5+ 22. Kc2 e4 23. fxe4 fxe4 24. Nxe4 Bf6 25. Rab1 Qa4+ 26. Kd2 Rac8 27. Ke3
Bd4+ 28. Kd2 1-0

[Event "3A"]
[Site "http://www.queenalice.com/game.php?id=1852433"]
[Date "2025.2.19"]
[Round "-"]
[White "shady66"]
[Black "Kn1ght1962"]
[Result "1-0"]
[WhiteElo "1608"]
[BlackElo "1779"]

1. e4 e5 2. d4 exd4 3. Qxd4 Nc6 4. Qd3 h6 5. a3 a6 6. h3 d6 7. Bf4 Nf6 8. Nc3
Be6 9. Be2 b5 10. Nf3 Bc4 11. Qe3 Be7 12. Bxc4 bxc4 13. O-O g5 14. Bh2 Qd7 15.
Rad1 Rd8 16. e5 Nh5 17. exd6 cxd6 18. Nd5 f5 19. Nb6 f4 20. Qc3 Qe6 21. Qxh8+
Bf8 22. Rde1 Ne5 23. Nxe5 Ng7 24. Ng6 Qxe1 25. Rxe1+ Kf7 26. Qxh6 Rb8 27. Nxc4
d5 28. Nce5+ Kf6 29. Nd7+ Kf7 30. Nxb8 Nf5 31. Qh7+ Kf6 32. Nd7# 1-0

[Event "3B"]
[Site "http://www.queenalice.com/game.php?id=1852434"]
[Date "2025.2.19"]
[Round "-"]
[White "Kn1ght1962"]
[Black "shady66"]
[Result "1/2-1/2"]
[WhiteElo "1757"]
[BlackElo "1631"]

1. e4 e5 2. a3 Nf6 3. d3 h6 4. h3 a6 5. Be3 Nc6 6. Nc3 d6 7. Nf3 Be6 8. Qd2 Ne7
9. Be2 c5 10. g4 b5 11. g5 Nh5 12. O-O-O Ng6 13. Nd5 Bxd5 14. exd5 Nhf4 15. gxh6
gxh6 16. c4 bxc4 17. dxc4 a5 18. a4 Be7 19. h4 Bxh4 20. Nxh4 Nxh4 21. Rdg1 Nf5
22. Bxf4 exf4 23. Qxf4 Qf6 24. Re1 O-O-O 25. Bg4 Kc7 26. Bxf5 h5 27. Qd2 Qxf5
28. Qxa5+ Kd7 29. Qa7+ Kc8 30. Re7 Rd7 31. Rxd7 Qxd7 32. Qa8+ Kc7 33. Qxh8 Qxa4
34. Rxh5 Qa1+ 35. Kc2 Qa4+ 36. Kb1 Qd1+ 37. Ka2 Qa4+ 38. Kb1 Qd1+ 1/2-1/2